000 00800nam a2200277 i 4500
001 C2-0243412
003 PPAK
005 20180727205043.0
008 021022s2002 my |||| ||||| | may d
020 _a9832311896
040 _aPPAK
_beng
_cPPAK
_erda
082 0 4 _a158.2
_223
090 0 0 _a158.2
_bABD
_dG
100 0 _aAbdullah Hassan,
_eauthor
245 1 0 _aMengendalikan masalah dalam hubungan peribadi
264 1 _aKuala Lumpur :
_bPTS Publications & Distributors ,
_c2002
300 _aiii, 250 pages ;
_c22 cm
336 _2rdacontent
_atext
337 _2rdamedia
_aunmediated
338 _2rdacarrier
_avolume
490 1 _aSiri komunikasi
650 1 0 _aInterpersonal relations ; Interpersonal communication
700 _eauthor
830 0 _aSiri komunikasi
942 _ddc
_cB
999 _c57913
_d57913